000 00473nam a2200193Ia 4500
005 20240823042550.0
008 240823s9999||||xx |||||||||||||| ||und||
020 _a81-87721-30-8
041 _aENGLISH
082 _A624 P1
100 _aRamesh Babu V
245 0 _aBasic Civil Engineering
250 _a6th
260 _c2001
_b"Anuradha,Kumbakonam"
500 _aTRANSFERED
650 _aCivil Engineering
_bAerospace Engineering
942 _cBK
999 _c208168
_d208168